000 00251nam a2200097Ia 4500
008 120527s9999 xx 000 0 und d
100 _aLAPPO,G.M
245 _aUrban geography in the Soviet union and the United States.
260 _bRowman
942 _cBK
999 _c23991
_d23991